[Event "Karlsruhe Grenke op"]
[Site "Karlsruhe"]
[Date "2024.03.30"]
[Round "5"]
[White "Engel, Luis"]
[Black "Sidletskyi, Ivan"]
[Result "1-0"]
[WhiteElo "2547"]
[BlackElo "2336"]
[PlyCount "43"]
[EventDate "2024.03.28"]
[EventType "swiss"]
[EventRounds "9"]
[EventCountry "GER"]
[SourceTitle "CB14_2024"]
[SourceDate "2024.04.01"]
[SourceVersion "1"]
[SourceVersionDate "2024.04.01"]
[SourceQuality "1"]

1. e4 e6 2. d4 d5 3. Nd2 c5 4. exd5 Qxd5 5. Ngf3 cxd4 6. Bc4 Qd6 7. 0-0 Nf6 8. Nb3 Nc6 9. Nbxd4 Nxd4 10. Nxd4 Be7 11. c3 0-0 12. Qf3 Qc7 13. Bb3 a5 14. a4 Bd7 15. Re1 Qb6 16. Bc2 Bc6 17. Qh3 Bc5 18. Bg5 Bxd4 19. Bxf6 Bxf2+ 20. Kf1 h6 21. Qg4 g5 22. Re2 1-0

[Event "Bundesliga 2223"]
[Site "Germany"]
[Date "2023.04.02"]
[Round "13.3"]
[White "Pavlidis, Antonios"]
[Black "Engel, Luis"]
[Result "1-0"]
[WhiteElo "2550"]
[BlackElo "2555"]
[PlyCount "125"]
[EventDate "2022.10.21"]
[EventType "team-tourn"]
[EventRounds "15"]
[EventCountry "GER"]
[SourceTitle "CBM 213 Extra"]
[Source "ChessBase"]
[SourceDate "2023.05.31"]
[SourceVersion "1"]
[SourceVersionDate "2023.05.31"]
[SourceQuality "1"]
[WhiteTeam "Remagen Sinzig"]
[BlackTeam "Hamburger SK"]
[WhiteTeamCountry "GER"]
[BlackTeamCountry "GER"]

1. e4 c5 2. Nf3 d6 3. d4 cxd4 4. Nxd4 Nf6 5. Nc3 a6 6. Bg5 e6 7. f4 h6 8. Bh4 Qb6 9. Qd2 Qxb2 10. Rb1 Qa3 11. e5 dxe5 12. fxe5 Nfd7 13. Ne4 Qxa2 14. Rd1 Qd5 15. Qe3 Qxe5 16. Be2 Bc5 17. Bg3 Qd5 18. c4 Bxd4 19. Rxd4 Qa5+ 20. Rd2 0-0 21. Bd6 f5 22. Bxf8 Nxf8 23. Nd6 Nbd7 24. 0-0 Qc5 25. Qxc5 Nxc5 26. g4 fxg4 27. Bxg4 Bd7 28. Bf3 Rb8 29. Nxb7 Nxb7 30. Rb1 Rc8 31. Rxb7 Rxc4 32. Rdxd7 Nxd7 33. Rxd7 a5 34. Re7 Rf4 35. Kg2 Kf8 36. Rxe6 Rf6 37. Re4 Ra6 38. Be2 Ra8 39. Bb5 Kf7 40. Kf3 Ra7 41. Bc4+ Kf6 42. Kg4 Kg6 43. Re6+ Kh7 44. Bd3+ Kg8 45. Bg6 Ra8 46. Be4 Rd8 47. Ra6 Kh8 48. Rxa5 Re8 49. Bg6 Rb8 50. h4 Rc8 51. h5 Kg8 52. Kf5 Kf8 53. Ke6 Rd8 54. Rf5+ Kg8 55. Ke7 Ra8 56. Rd5 Kh8 57. Rd8+ Rxd8 58. Kxd8 Kg8 59. Ke7 Kh8 60. Ke6 Kg8 61. Be4 Kf8 62. Kf5 Kg8 63. Kg6 1-0

[Event "Bundesliga 2223"]
[Site "Germany"]
[Date "2023.04.01"]
[Round "12.4"]
[White "Engel, Luis"]
[Black "Fedorchuk, Sergey A"]
[Result "1/2-1/2"]
[WhiteElo "2555"]
[BlackElo "2619"]
[PlyCount "52"]
[EventDate "2022.10.21"]
[EventType "team-tourn"]
[EventRounds "15"]
[EventCountry "GER"]
[SourceTitle "CBM 213 Extra"]
[Source "ChessBase"]
[SourceDate "2023.05.31"]
[SourceVersion "1"]
[SourceVersionDate "2023.05.31"]
[SourceQuality "1"]
[WhiteTeam "Hamburger SK"]
[BlackTeam "Viernheim"]
[WhiteTeamCountry "GER"]
[BlackTeamCountry "GER"]

1. e4 e5 2. Nf3 Nc6 3. Bb5 a6 4. Ba4 Nf6 5. d3 b5 6. Bb3 Bc5 7. Nc3 d6 8. Nd5 h6 9. c3 Be6 10. Nxf6+ Qxf6 11. Bxe6 Qxe6 12. 0-0 Ne7 13. d4 Bb6 14. Be3 0-0 15. d5 Qd7 16. Bxb6 cxb6 17. Qb3 Ng6 18. Nd2 Nf4 19. c4 Rfc8 20. g3 bxc4 21. Nxc4 Rxc4 22. Qxc4 Qh3 23. gxf4 Qg4+ 24. Kh1 Qf3+ 25. Kg1 Qg4+ 26. Kh1 Qf3+ 1/2-1/2

[Event "Bundesliga 2223"]
[Site "Germany"]
[Date "2023.03.18"]
[Round "10.7"]
[White "Kamsky, Gata"]
[Black "Engel, Luis"]
[Result "1-0"]
[WhiteElo "2666"]
[BlackElo "2555"]
[PlyCount "103"]
[EventDate "2022.10.21"]
[EventType "team-tourn"]
[EventRounds "15"]
[EventCountry "GER"]
[SourceTitle "CBM 213 Extra"]
[Source "ChessBase"]
[SourceDate "2023.05.31"]
[SourceVersion "1"]
[SourceVersionDate "2023.05.31"]
[SourceQuality "1"]
[WhiteTeam "Deizisau"]
[BlackTeam "Hamburger SK"]
[WhiteTeamCountry "GER"]
[BlackTeamCountry "GER"]

1. Nf3 d5 2. g3 Nc6 3. d4 Bf5 4. c3 Qd7 5. Bf4 0-0-0 6. b4 f6 7. b5 Na5 8. Qa4 b6 9. h4 Kb8 10. Nbd2 Nh6 11. Bxh6 gxh6 12. h5 Rg8 13. Nh4 Bg4 14. Bg2 Bxh5 15. e3 e5 16. Rb1 Qe6 17. Bf3 Be8 18. Qc2 Rg5 19. a4 Bd6 20. Be2 exd4 21. cxd4 f5 22. Ndf3 Rg8 23. Nxf5 Bg6 24. N3h4 h5 25. Nxg6 hxg6 26. Nxd6 cxd6 27. Bd3 Rc8 28. Qe2 Rc3 29. Rd1 Nb3 30. 0-0 Rgc8 31. Qf3 Nc1 32. Bb1 R3c7 33. Rfe1 h4 34. gxh4 g5 35. hxg5 Nb3 36. Qf5 Qg8 37. f4 Qh8 38. Kg2 Qh5 39. g6 Qh4 40. Rh1 Qe7 41. Rh3 Rc3 42. Qf7 Rc2+ 43. Bxc2 Rxc2+ 44. Kg1 Qe4 45. Rh8+ Rc8 46. Rxc8+ Kxc8 47. g7 Qxe3+ 48. Kg2 Qe2+ 49. Kg3 Qe3+ 50. Kg4 Qe2+ 51. Kg5 Qg2+ 52. Kf6 1-0

[Event "GER-chT U20"]
[Site "Muenster"]
[Date "2022.12.28"]
[Round "4"]
[White "Engel, Luis"]
[Black "Suvorov, Alexander David"]
[Result "1/2-1/2"]
[WhiteElo "2555"]
[BlackElo "2345"]
[PlyCount "97"]
[EventDate "2022.12.26"]
[EventType "team-swiss"]
[EventRounds "7"]
[EventCountry "GER"]
[SourceTitle "CBM 212 Extra"]
[Source "ChessBase"]
[SourceDate "2023.03.31"]
[SourceVersion "1"]
[SourceVersionDate "2023.03.31"]
[SourceQuality "1"]
[WhiteTeam "Hamburger SK"]
[BlackTeam "Porz SG"]
[WhiteTeamCountry "GER"]
[BlackTeamCountry "GER"]

1. e4 c5 2. Nf3 d6 3. d4 cxd4 4. Nxd4 Nf6 5. Nc3 a6 6. Be2 e5 7. Nb3 Be7 8. Be3 Be6 9. 0-0 0-0 10. Qd3 Nbd7 11. Nd5 Bxd5 12. exd5 Rc8 13. c4 a5 14. Rac1 Nc5 15. Qc3 b6 16. Nxc5 bxc5 17. Qa3 Nd7 18. Rc3 Rb8 19. Bd2 f5 20. Rb3 Rb4 21. Rh3 e4 22. Bxb4 cxb4 23. Qe3 Nc5 24. f4 exf3 25. Rhxf3 g6 26. Bd3 Bg5 27. Qf2 Bf6 28. b3 Be5 29. g3 Qf6 30. Kg2 Kg7 31. Re1 Bc3 32. Re2 Bd4 33. Qe1 Be5 34. Bc2 Rf7 35. Kh1 h5 36. Rfe3 Re7 37. Qf2 Rc7 38. Qf3 Rf7 39. Rg2 Qg5 40. Re1 Qf6 41. h3 Qg5 42. Qf2 Re7 43. Qf3 Rf7 44. Qe3 Qf6 45. Bb1 Bc3 46. Ree2 Be5 47. Qd2 Bc3 48. Qc1 Be5 49. Qe3 1/2-1/2

[Event "German Masters"]
[Site "Magdeburg"]
[Date "2022.08.23"]
[Round "8.3"]
[White "Engel, Luis"]
[Black "Huschenbeth, Niclas"]
[Result "0-1"]
[WhiteElo "2557"]
[BlackElo "2607"]
[PlyCount "102"]
[EventDate "2022.08.16"]
[EventType "tourn"]
[EventRounds "9"]
[EventCountry "GER"]
[EventCategory "14"]
[SourceTitle "CBM 210 Extra"]
[Source "ChessBase"]
[SourceDate "2022.11.30"]
[SourceVersion "1"]
[SourceVersionDate "2022.11.30"]
[SourceQuality "1"]

1. e4 e5 2. Nf3 Nc6 3. Bb5 a6 4. Ba4 Nf6 5. d3 Bc5 6. c3 d6 7. 0-0 Ba7 8. Nbd2 0-0 9. h3 Ne7 10. Re1 Ng6 11. Nf1 d5 12. exd5 Nxd5 13. Ng3 c6 14. d4 exd4 15. Nxd4 Be6 16. Bc2 Qc7 17. Bg5 Rae8 18. Qd2 h6 19. Bxg6 fxg6 20. Rxe6 Rxe6 21. Nxe6 Rxf2 22. Qd4 Rf1+ 23. Rxf1 Bxd4+ 24. cxd4 Qxg3 25. Bxh6 Kh7 26. Bd2 Qd3 27. Rf2 Nf6 28. Bg5 Qb1+ 29. Kh2 Qe1 30. Nf8+ Kg8 31. Bh4 g5 32. Rxf6 gxh4 33. Rf5 Qe3 34. b3 Qxd4 35. Ng6 Qd6+ 36. Ne5 c5 37. Kh1 Qd1+ 38. Kh2 Qd6 39. Kh1 b5 40. Rg5 Qd2 41. Nf3 Qxa2 42. Rxc5 Qxb3 43. Rc8+ Kh7 44. Rc6 Qd1+ 45. Kh2 Qd8 46. Rxa6 b4 47. Ra2 b3 48. Rf2 Qc7+ 49. Kg1 Qc1+ 50. Kh2 b2 51. Nd2 Qe1 0-1

[Event "German Masters"]
[Site "Magdeburg"]
[Date "2022.08.21"]
[Round "6"]
[White "Engel, Luis"]
[Black "Svane, Frederik"]
[Result "1/2-1/2"]
[WhiteElo "2557"]
[BlackElo "2547"]
[PlyCount "66"]
[EventDate "2022.08.16"]
[EventType "tourn"]
[EventRounds "9"]
[EventCountry "GER"]
[EventCategory "14"]
[SourceTitle "CBM 209 Extra"]
[Source "ChessBase"]
[SourceDate "2022.09.30"]
[SourceVersion "1"]
[SourceVersionDate "2022.09.30"]
[SourceQuality "1"]

1. e4 e5 2. Nc3 Nf6 3. d4 exd4 4. Qxd4 Nc6 5. Qd3 Bb4 6. Bd2 0-0 7. 0-0-0 Re8 8. Nge2 d6 9. Bg5 h6 10. Bxf6 Qxf6 11. Nd5 Qd8 12. Nxb4 Nxb4 13. Qd2 a5 14. Nc3 Be6 15. a3 Qf6 16. axb4 axb4 17. Nb1 Ra1 18. b3 Rea8 19. Qd4 Qg5+ 20. Qe3 Qe5 21. Kd2 R8a2 22. Rc1 Qb2 23. Bd3 Bxb3 24. Rhd1 c5 25. e5 c4 26. exd6 cxd3 27. Qxd3 Qf6 28. d7 Qxf2+ 29. Qe2 Qd4+ 30. Ke1 Qg1+ 31. Kd2 Qd4+ 32. Ke1 Qg1+ 33. Kd2 Qd4+ 1/2-1/2

[Event "German Masters"]
[Site "Magdeburg"]
[Date "2022.08.18"]
[Round "3"]
[White "Engel, Luis"]
[Black "Keymer, Vincent"]
[Result "0-1"]
[WhiteElo "2557"]
[BlackElo "2672"]
[PlyCount "108"]
[EventDate "2022.08.16"]
[EventType "tourn"]
[EventRounds "9"]
[EventCountry "GER"]
[EventCategory "14"]
[SourceTitle "CBM 209 Extra"]
[Source "ChessBase"]
[SourceDate "2022.09.30"]
[SourceVersion "1"]
[SourceVersionDate "2022.09.30"]
[SourceQuality "1"]

1. e4 c5 2. Nf3 d6 3. d4 cxd4 4. Nxd4 Nf6 5. Nc3 a6 6. h3 e5 7. Nde2 h5 8. g3 Be7 9. Bg2 b5 10. Nd5 Nxd5 11. Qxd5 Ra7 12. Qd3 Nd7 13. Nc3 Nf6 14. Be3 Rb7 15. 0-0 0-0 16. Rfd1 b4 17. Ne2 Be6 18. Qxa6 Qc8 19. b3 Bd7 20. c4 Bc6 21. a3 bxa3 22. Rxa3 Nxe4 23. Rd3 Rc7 24. Qxc8 Rfxc8 25. Ra6 f5 26. g4 g6 27. f4 Kf7 28. Rb6 hxg4 29. hxg4 Ra7 30. Nc3 exf4 31. Bxf4 Ra1+ 32. Rd1 Bd8 33. Rxc6 Rxd1+ 34. Nxd1 Rxc6 35. gxf5 gxf5 36. Ne3 Bb6 37. Kf1 Bxe3 38. Bxe3 Ra6 39. Ke2 Ra2+ 40. Kf3 Kf6 41. b4 Nd2+ 42. Kf4 Nxc4 43. Bd5 Ra4 44. Bf2 Ne5 45. Bh4+ Kg6 46. Be7 Rxb4+ 47. Ke3 f4+ 48. Kf2 Kf5 49. Bxd6 Rd4 50. Bxe5 Rxd5 51. Bc7 Ke4 52. Ke2 Rc5 53. Bb6 Rc2+ 54. Ke1 Kf3 0-1

[Event "German Masters"]
[Site "Magdeburg"]
[Date "2022.08.17"]
[Round "2"]
[White "Koelle, Tobias"]
[Black "Engel, Luis"]
[Result "1-0"]
[WhiteElo "2433"]
[BlackElo "2557"]
[PlyCount "85"]
[EventDate "2022.08.16"]
[EventType "tourn"]
[EventRounds "9"]
[EventCountry "GER"]
[EventCategory "14"]
[SourceTitle "CBM 209 Extra"]
[Source "ChessBase"]
[SourceDate "2022.09.30"]
[SourceVersion "1"]
[SourceVersionDate "2022.09.30"]
[SourceQuality "1"]

1. d4 d5 2. c4 e6 3. Nf3 c6 4. Bg5 Qa5+ 5. Bd2 Qc7 6. e3 Nf6 7. Nc3 Nbd7 8. Bd3 Bd6 9. c5 Be7 10. b4 b6 11. 0-0 0-0 12. Qc2 bxc5 13. bxc5 e5 14. dxe5 Nxe5 15. Nxe5 Qxe5 16. Ne2 Ne4 17. Bb4 a5 18. Ba3 Ba6 19. Bxa6 Rxa6 20. Rab1 h5 21. Rb7 Bd8 22. Nd4 Bc7 23. Nf3 Qe7 24. Rfb1 Rc8 25. Nd4 Qe5 26. g3 h4 27. Nf3 Qc3 28. Qxc3 Nxc3 29. R1b3 Nxa2 30. Nxh4 Raa8 31. Nf5 Kf8 32. Nd6 Rcb8 33. Nxf7 Nc3 34. Ng5 Rxb7 35. Rxb7 Be5 36. Bb2 a4 37. Kf1 a3 38. Ba1 Ra5 39. f4 Rb5 40. Rxb5 cxb5 41. fxe5 b4 42. Bxc3 d4 43. Ne6+ 1-0

[Event "GER-chT U20"]
[Site "Kiel"]
[Date "2022.07.23"]
[Round "2.1"]
[White "Engel, Luis"]
[Black "Elier, Ali"]
[Result "1-0"]
[WhiteElo "2558"]
[BlackElo "2144"]
[PlyCount "69"]
[EventDate "2022.07.22"]
[EventType "team-swiss"]
[EventRounds "7"]
[EventCountry "GER"]
[SourceTitle "CBM 209 Extra"]
[Source "ChessBase"]
[SourceDate "2022.09.30"]
[SourceVersion "1"]
[SourceVersionDate "2022.09.30"]
[SourceQuality "1"]
[WhiteTeam "Hamburger SK"]
[BlackTeam "Brackel"]
[WhiteTeamCountry "GER"]
[BlackTeamCountry "GER"]

1. e4 e5 2. Nf3 Nc6 3. Bc4 Nf6 4. d3 Qe7 5. a4 d6 6. a5 a6 7. Nc3 h6 8. 0-0 g5 9. Re1 Bg7 10. b4 Nxb4 11. d4 Nc6 12. Nd5 Qd8 13. dxe5 Nxd5 14. exd5 Nxe5 15. Nxe5 Bxe5 16. f4 gxf4 17. Bxf4 Qe7 18. Bxe5 dxe5 19. Qh5 Kd8 20. Rxe5 Bg4 21. Rxe7 Bxh5 22. Rae1 Rb8 23. Bb3 b6 24. axb6 Rxb6 25. Ba4 Kc8 26. Bc6 Rd8 27. c4 a5 28. c5 Rb4 29. Ra1 a4 30. Bxa4 Rxd5 31. Bc6 Rd8 32. h3 Bg6 33. Kh2 Bf5 34. Ra7 Rb8 35. Raxc7# 1-0

[Event "Bundesliga 2122"]
[Site "Germany"]
[Date "2022.05.14"]
[Round "7.4"]
[White "Pruijssers, Roeland"]
[Black "Engel, Luis"]
[Result "1-0"]
[WhiteElo "2570"]
[BlackElo "2564"]
[PlyCount "91"]
[EventDate "2022.03.05"]
[EventType "team-tourn"]
[EventRounds "15"]
[EventCountry "GER"]
[SourceTitle "EXT 2023"]
[Source "ChessBase"]
[SourceDate "2022.10.05"]
[SourceVersion "1"]
[SourceVersionDate "2022.10.05"]
[SourceQuality "1"]
[WhiteTeam "Werder Bremen"]
[BlackTeam "Hamburger SK"]
[WhiteTeamCountry "GER"]
[BlackTeamCountry "GER"]

1. e4 c5 2. Nc3 Nc6 3. Nge2 g6 4. g3 Bg7 5. Bg2 Rb8 6. a4 a6 7. 0-0 b5 8. axb5 axb5 9. d3 b4 10. Nd5 e6 11. Ne3 Nge7 12. f4 f5 13. g4 0-0 14. Ng3 fxe4 15. dxe4 Bb7 16. g5 Nd4 17. c3 bxc3 18. bxc3 Nb5 19. Qd3 Nxc3 20. Bb2 Ba6 21. Rxa6 Rxb2 22. e5 Nb5 23. Nc4 Rb4 24. Ne4 Nd4 25. Nf6+ Bxf6 26. gxf6 Nef5 27. Rfa1 Qb8 28. Ra8 Qb5 29. Bf1 Rb3 30. Qe4 Qb7 31. Rxf8+ Kxf8 32. Ra8+ Kf7 33. Qxb7 Rxb7 34. Rh8 h6 35. Bd3 Nf3+ 36. Kf2 N3h4 37. Ke2 Ra7 38. Kd2 Rb7 39. Kc3 Ra7 40. Be4 g5 41. fxg5 hxg5 42. Bc2 Nf3 43. Rh7+ Kg6 44. Rg7+ Kh6 45. Bxf5 exf5 46. e6 1-0

[Event "German Masters"]
[Site "Magdeburg"]
[Date "2021.07.27"]
[Round "5"]
[White "Meier, Georg"]
[Black "Engel, Luis"]
[Result "0-1"]
[WhiteElo "2628"]
[BlackElo "2543"]
[PlyCount "74"]
[EventDate "2021.07.23"]
[EventType "tourn"]
[EventRounds "9"]
[EventCountry "GER"]
[EventCategory "14"]
[SourceTitle "CBM 203 Extra"]
[Source "ChessBase"]
[SourceDate "2021.09.30"]
[SourceVersion "1"]
[SourceVersionDate "2021.09.30"]
[SourceQuality "1"]

1. d4 Nf6 2. Nf3 d5 3. c4 e6 4. Nc3 dxc4 5. e4 b5 6. Nxb5 Nxe4 7. Bxc4 Bb4+ 8. Ke2 0-0 9. Qc2 Nd6 10. Nxd6 cxd6 11. Bg5 Qe8 12. Rhc1 Ba5 13. Kf1 Bb7 14. Qb3 Bb6 15. a4 Nc6 16. Bb5 Rb8 17. d5 exd5 18. Re1 Qc8 19. Rac1 Bc5 20. Be3 d4 21. Bd2 a6 22. Qd3 axb5 23. axb5 Qg4 24. Ng5 Qxg2+ 25. Kxg2 Ne5+ 26. Qe4 Nd3 27. b4 Nxe1+ 28. Bxe1 Bxe4+ 29. Nxe4 f5 30. Nxc5 dxc5 31. Rxc5 g6 32. Bd2 d3 33. Bf4 Rfd8 34. Bd2 Rb6 35. Kf3 Re6 36. Rc6 Re2 37. Bg5 d2 0-1

[Event "German Masters"]
[Site "Magdeburg"]
[Date "2021.07.23"]
[Round "1"]
[White "Engel, Luis"]
[Black "Bluebaum, Matthias"]
[Result "1-0"]
[WhiteElo "2543"]
[BlackElo "2669"]
[PlyCount "109"]
[EventDate "2021.07.23"]
[EventType "tourn"]
[EventRounds "9"]
[EventCountry "GER"]
[EventCategory "14"]
[SourceTitle "CBM 203 Extra"]
[Source "ChessBase"]
[SourceDate "2021.09.30"]
[SourceVersion "1"]
[SourceVersionDate "2021.09.30"]
[SourceQuality "1"]

1. e4 e6 2. d4 d5 3. Nd2 c5 4. exd5 Qxd5 5. Ngf3 cxd4 6. Bc4 Qd6 7. 0-0 Nf6 8. Nb3 Nc6 9. Nbxd4 Nxd4 10. Nxd4 Be7 11. c3 0-0 12. Qf3 Qc7 13. Bd3 Bd7 14. Re1 Rfd8 15. h3 Bc6 16. Nxc6 Qxc6 17. Qxc6 bxc6 18. Rd1 Rab8 19. Rb1 Nd5 20. Be4 f5 21. Bc2 Bf6 22. Bd2 g6 23. Bb3 Kg7 24. c4 Nb6 25. Bb4 Kf7 26. Bd6 Rb7 27. Kf1 Be7 28. Be5 Rxd1+ 29. Rxd1 Nd7 30. Bd4 e5 31. Bc3 Nc5 32. Bc2 e4 33. b4 Nd3 34. a3 Rd7 35. Ba4 Rc7 36. Bc2 Rd7 37. Ba4 Rc7 38. c5 Bf6 39. Bb3+ Kg7 40. Bd2 h6 41. Bc2 Rd7 42. Bf4 Rd4 43. Be3 Rd8 44. Rb1 g5 45. g3 Be5 46. Rd1 Bb2 47. a4 a6 48. f4 gxf4 49. Bxf4 Rd5 50. Bb3 Nxf4 51. Bxd5 Nxd5 52. Rxd5 cxd5 53. b5 axb5 54. a5 d4 55. c6 1-0

[Event "Titled Tuesday intern op 13th Apr"]
[Site "Chess.com INT"]
[Date "2021.04.13"]
[Round "4"]
[White "Engel, Luis"]
[Black "Quparadze, Giga"]
[Result "0-1"]
[WhiteElo "2553"]
[BlackElo "2463"]
[PlyCount "74"]
[EventDate "2021.04.13"]
[EventType "swiss (blitz)"]
[EventRounds "11"]
[EventCountry "USA"]
[SourceTitle "CBM 201 Extra"]
[Source "ChessBase"]
[SourceDate "2021.05.31"]
[SourceVersion "1"]
[SourceVersionDate "2021.05.31"]
[SourceQuality "1"]

1. e4 c5 2. Nf3 e6 3. d4 cxd4 4. Nxd4 a6 5. Bd3 g6 6. 0-0 Bg7 7. Be3 Ne7 8. Qd2 0-0 9. Nc3 d6 10. f4 Nbc6 11. Nxc6 bxc6 12. f5 exf5 13. Bh6 d5 14. Bxg7 Kxg7 15. exf5 Nxf5 16. Ne2 Qb6+ 17. Kh1 Qxb2 18. Bxf5 Bxf5 19. Nd4 Be4 20. Rab1 Qa3 21. Rb7 Kg8 22. Nxc6 Qc5 23. Rc7 Qd6 24. Ne7+ Kh8 25. Qd4+ f6 26. Rb7 Qe5 27. Qd2 Qg5 28. Qf2 Rae8 29. h4 Qg4 30. Nc6 d4 31. Rc7 d3 32. cxd3 Bxd3 33. Re1 Rxe1+ 34. Qxe1 Be4 35. Qd2 Qxh4+ 36. Kg1 Qg5 37. Qd7 Qxg2# 0-1

[Event "Magdeburg DSB Squad"]
[Site "Magdeburg"]
[Date "2021.04.07"]
[Round "3"]
[White "Engel, Luis"]
[Black "Bluebaum, Matthias"]
[Result "0-1"]
[WhiteElo "2553"]
[BlackElo "2670"]
[PlyCount "78"]
[EventDate "2021.04.05"]
[EventType "tourn"]
[EventRounds "9"]
[EventCountry "GER"]
[EventCategory "14"]
[SourceTitle "EXT 2022"]
[Source "ChessBase"]
[SourceDate "2021.10.06"]
[SourceVersion "1"]
[SourceVersionDate "2021.10.06"]
[SourceQuality "1"]

1. e4 c6 2. d4 d5 3. e5 Bf5 4. Nf3 e6 5. Be2 c5 6. Be3 Nd7 7. 0-0 Ne7 8. c4 dxc4 9. Na3 c3 10. Nb5 Nd5 11. Bg5 c2 12. Qd2 Qb6 13. a4 a6 14. a5 Qc6 15. Na3 h6 16. Be3 Nxe3 17. fxe3 Qe4 18. Rfc1 cxd4 19. exd4 Rc8 20. Rxc2 Rxc2 21. Nxc2 Qxc2 22. Rc1 Qxd2 23. Rc8+ Ke7 24. Nxd2 Nxe5 25. dxe5 Kd7 26. Rc4 Be7 27. Bf3 Rb8 28. g4 Bg6 29. Nb3 Rc8 30. Rd4+ Kc7 31. Kg2 Kb8 32. Kg3 Rd8 33. Rc4 Rd3 34. Nd4 Be4 35. Kg2 Rd2+ 36. Kg3 Bxf3 37. Nxf3 Rxb2 38. h4 Rb4 39. Rf4 Bxh4+ 0-1

[Event "Magdeburg DSB Squad"]
[Site "Magdeburg"]
[Date "2021.04.07"]
[Round "4"]
[White "Heimann, Andreas"]
[Black "Engel, Luis"]
[Result "1-0"]
[WhiteElo "2606"]
[BlackElo "2553"]
[PlyCount "103"]
[EventDate "2021.04.05"]
[EventType "tourn"]
[EventRounds "9"]
[EventCountry "GER"]
[EventCategory "14"]
[SourceTitle "EXT 2022"]
[Source "ChessBase"]
[SourceDate "2021.10.06"]
[SourceVersion "1"]
[SourceVersionDate "2021.10.06"]
[SourceQuality "1"]

1. e4 c5 2. Nf3 d6 3. d4 cxd4 4. Nxd4 Nf6 5. Nc3 a6 6. Be3 e5 7. Nb3 Be6 8. Qd2 Be7 9. f4 b5 10. 0-0-0 Nbd7 11. h3 h5 12. g3 Qc7 13. Nd5 Bxd5 14. exd5 Rc8 15. Bg2 b4 16. Kb1 a5 17. fxe5 Nxe5 18. Nd4 0-0 19. b3 Rfe8 20. Rhf1 Nfd7 21. Nc6 Bf8 22. g4 hxg4 23. hxg4 Nxg4 24. Bd4 g6 25. Bh3 Nge5 26. Qf4 Bg7 27. Rd2 Nf6 28. Bxe5 dxe5 29. Qc4 Rcd8 30. Nxd8 Qxc4 31. bxc4 Ne4 32. Rd3 Rxd8 33. d6 f5 34. Bg2 Nc5 35. Rd5 Na4 36. Rxa5 Nc3+ 37. Kb2 Rxd6 38. c5 Rd8 39. Bb7 e4 40. Kb3 e3 41. c6 e2 42. Re1 Rd1 43. Rxe2 Nxe2 44. c7 Rb1+ 45. Kc4 Rc1 46. c8Q+ Kh7 47. Be4 fxe4 48. Qh3+ Kg8 49. Ra8+ Bf8 50. Qe6+ Kg7 51. Qe5+ Kg8 52. Qxe4 1-0

[Event "Magdeburg DSB Squad"]
[Site "Magdeburg"]
[Date "2021.04.06"]
[Round "2"]
[White "Donchenko, Alexander"]
[Black "Engel, Luis"]
[Result "1/2-1/2"]
[WhiteElo "2659"]
[BlackElo "2553"]
[PlyCount "99"]
[EventDate "2021.04.05"]
[EventType "tourn"]
[EventRounds "9"]
[EventCountry "GER"]
[EventCategory "14"]
[SourceTitle "EXT 2022"]
[Source "ChessBase"]
[SourceDate "2021.10.06"]
[SourceVersion "1"]
[SourceVersionDate "2021.10.06"]
[SourceQuality "1"]

1. d4 Nf6 2. c4 e6 3. Nf3 d5 4. g3 dxc4 5. Bg2 a6 6. Ne5 c5 7. dxc5 Qxd1+ 8. Kxd1 Bxc5 9. Nd2 Ke7 10. Ndxc4 Rd8+ 11. Bd2 Bb4 12. Nd3 Bxd2 13. Kxd2 Ra7 14. Rhc1 Bd7 15. Nce5 Ne8 16. Ke1 f6 17. Nc4 Bc6 18. Bh3 Nd6 19. Na5 Be4 20. Nf4 b6 21. Nxe6 bxa5 22. Nxd8 Kxd8 23. Rc5 Rb7 24. Rd1 Ke7 25. Rdc1 Rxb2 26. Rc7+ Kf8 27. Be6 Bf5 28. Rd1 Bxe6 29. Rxd6 Bd7 30. Rdxd7 Nxd7 31. Rxd7 Rxa2 32. Ra7 a4 33. h4 a3 34. Rxa6 h5 35. Ra7 Kg8 36. f3 Kh7 37. Kf2 Kg6 38. Ke3 Kh6 39. Ra6 Kg6 40. Kd3 Kh6 41. e4 Rg2 42. e5 Kg6 43. Ke3 a2 44. exf6 gxf6 45. Kf4 Rb2 46. g4 Rb4+ 47. Kg3 hxg4 48. fxg4 Rb3+ 49. Kf4 Rb4+ 50. Kg3 1/2-1/2

[Event "Magdeburg DSB Squad"]
[Site "Magdeburg"]
[Date "2021.04.05"]
[Round "1"]
[White "Engel, Luis"]
[Black "Wagner, Dennis"]
[Result "1/2-1/2"]
[WhiteElo "2553"]
[BlackElo "2581"]
[PlyCount "109"]
[EventDate "2021.04.05"]
[EventType "tourn"]
[EventRounds "9"]
[EventCountry "GER"]
[EventCategory "14"]
[SourceTitle "EXT 2022"]
[Source "ChessBase"]
[SourceDate "2021.10.06"]
[SourceVersion "1"]
[SourceVersionDate "2021.10.06"]
[SourceQuality "1"]

1. e4 e5 2. Nf3 Nc6 3. Nc3 Nf6 4. Be2 d5 5. exd5 Nxd5 6. 0-0 Nxc3 7. bxc3 e4 8. Ne1 f5 9. f3 Bc5+ 10. Kh1 0-0 11. d4 exd3 12. cxd3 f4 13. d4 Bd6 14. Nd3 Kh8 15. Nf2 Ne7 16. Ne4 Nf5 17. Re1 Qh4 18. Nxd6 cxd6 19. Bd3 Bd7 20. Bd2 Rf6 21. Bxf5 Bxf5 22. Qa4 Raf8 23. d5 Qf2 24. Qd4 Qxd4 25. cxd4 g5 26. Rac1 Kg7 27. Bb4 R8f7 28. Re8 Rd7 29. Rcc8 Rff7 30. h4 gxh4 31. Rg8+ Kf6 32. Be1 Rg7 33. Bxh4+ Kg6 34. Rgf8 Rdf7 35. Rxf7 Rxf7 36. Rg8+ Rg7 37. Ra8 a6 38. a3 Bd3 39. Rf8 Kh5 40. Rxf4 Bf1 41. g3 Bc4 42. Kg2 Kh6 43. Rf5 Rd7 44. g4 Kg6 45. f4 a5 46. Rh5 Kg7 47. f5 b5 48. Bg5 b4 49. axb4 axb4 50. Bh6+ Kf6 51. Kg3 b3 52. Bc1 Kg7 53. Bh6+ Kf7 54. Bc1 Kg7 55. Bh6+ 1/2-1/2

[Event "EU-Cup Online Final"]
[Site "Tornelo INT"]
[Date "2021.03.31"]
[Round "8.2"]
[White "Engel, Luis"]
[Black "Donchenko, Alexander"]
[Result "1-0"]
[WhiteElo "2553"]
[BlackElo "2659"]
[PlyCount "75"]
[EventDate "2021.03.30"]
[EventType "team-tourn (rapid)"]
[EventRounds "9"]
[EventCountry "NET"]
[SourceTitle "CBM 201"]
[Source "ChessBase"]
[SourceDate "2021.04.30"]
[SourceVersion "1"]
[SourceVersionDate "2021.04.30"]
[SourceQuality "1"]
[WhiteTeam "Hamburger SK"]
[BlackTeam "Deizisau"]
[WhiteTeamCountry "GER"]
[BlackTeamCountry "GER"]

1. e4 c6 2. d4 d5 3. e5 Bf5 4. Nf3 e6 5. Be2 Ne7 6. 0-0 c5 7. dxc5 Nec6 8. Be3 Nd7 9. c4 dxc4 10. Na3 Bxc5 11. Bxc5 Nxc5 12. Nxc4 0-0 13. Qc1 Qc7 14. Qe3 b6 15. Rfd1 Rad8 16. h3 Rxd1+ 17. Rxd1 Rd8 18. Nd4 Nxd4 19. Rxd4 Rxd4 20. Qxd4 h6 21. Nd6 Bg6 22. Nb5 Qb7 23. b4 Ne4 24. Kh2 Qc6 25. f3 Ng5 26. Qd8+ Kh7 27. h4 Nxf3+ 28. gxf3 Qc2 29. Nd4 Qd2 30. Kg3 Qe3 31. Kg2 Qxe5 32. Bf1 Qf4 33. Nc6 Bh5 34. Be2 Qe3 35. Qd3+ Qxd3 36. Bxd3+ f5 37. Nxa7 Be8 38. Nc8 1-0